Catalina DiezHochleitner (Record no. 14193)

MARC details
000 - LÍDER
campo de control de longitud fija 00720nam a2200193Ia 4500
008 - ELEMENTOS DE DATOS DE LONGITUD FIJA - INFORMACIÓN GENERAL
campo de control de longitud fija 0000002010 sp ad 0000000000spa00
090 ## - NÚMERO DE LLAMADA DE TIPO LC LOCALMENTE ASIGNADO (OCLC)
Número de clasificación (OCLC) (R) PSP00 M19c
100 1# - ENTRADA PRINCIPAL - NOMBRE PERSONAL
Nombre de la persona Mayor Zaragoza, Federico
245 10 - TÍTULO DECLARACIÓN
Título Catalina DiezHochleitner
Resto del título : Cartagena, apuntes de un viaje
Declaración de responsabilidad / texto de Federico Mayor Zaragoza
260 ## - PUBLICACIÓN, DISTRIBUCIÓN
Lugar de publicación Madrid : Embajada de Colombia en España
Fecha de publicación 2010
300 ## - DESCRIPCIÓN FÍSICA
Alcance [20] p.
Dimensiones / 27 cm.
500 ## - NOTA GENERAL
Nota general Donación de Carlos Jiménez, 2012
600 00 - ENTRADA DE SUJETO AÑADIDO - NOMBRE PERSONAL
Nombre de la persona DIEZ HOCHLEITNER RODRIGUEZ, CATALINA, 1965/
Subdivisión general TRABAJOS PICTORICOS
650 14 - ENTRADA DE SUJETO AÑADIDO - TÉRMINO TÓPICO
Término tópico o elemento de entrada del nombre geográfico PINTURA ESPAÑOLA
650 14 - ENTRADA DE SUJETO AÑADIDO - TÉRMINO TÓPICO
Término tópico o elemento de entrada del nombre geográfico ARTE CONTEMPORANEO ESPAÑOL
650 14 - ENTRADA DE SUJETO AÑADIDO - TÉRMINO TÓPICO
Término tópico o elemento de entrada del nombre geográfico ARTISTAS PLASTICOS ESPAÑOLES
650 14 - ENTRADA DE SUJETO AÑADIDO - TÉRMINO TÓPICO
Subdivisión general CATALOGOS
650 14 - ENTRADA DE SUJETO AÑADIDO - TÉRMINO TÓPICO
Subdivisión general EXPOSICIONES
Holdings
Estado de retirada Pérdida de estatus Estado dañado No para préstamo Código de recogida Ubicación permanente Ubicación actual Ubicación de las estanterías Fecha de adquisición Número de llamada completo Código de barras Fecha de la última vez que se vio Número de copia Precio efectivo desde Tipo de artículo Koha
        General ArtNexus ArtNexus General 06/09/2022 P-SP-00 M19C 14392 06/09/2022 Ej.1 06/09/2022 Libro

Powered by Koha